City Football teams - Statistics

General Stats
  • This quiz has been taken 28 times
  • The average score is 8 of 14
Answer Stats
Answer % Correct
Manchester
100%
Hull
71%
Leicester
71%
Norwich
63%
Cardiff
58%
Bristol
54%
Coventry
54%
Stoke
54%
Swansea
54%
Birmingham
50%
Bradford
46%
Exeter
42%
Lincoln
38%
York
33%
No matching quizzes found
Score Distribution
Percent of People with Each Score
Percentile by Number Answered
Your Score History
You have not taken this quiz